00714nam a2200157 a 450000100100000000500170001000800410002704000250006810000330009324501070012626001100023330000200034304900090036395201670037299900170053900003137120200930062902.0110620s19uu dr 000 0 spa d aDO-SdBNPbspacBNPHU1 aPepper, José Vicente9926313aEl espíritu del rotary dentro de la concepción de la gloria en Bolívar /cJosé Vicente Pepper. aCiudad Trujillo, República Dominicana :bClub Notario de Ciudad Trujillo,c[195?]fImprenta Arte y Cine a20 p. ;c22 cm. aBNPD 0010718PDaPDbPDcCTd2011-06-20iLF1l0o p31371-10r2020-06-25w2020-06-25yLFPDzPerteneció a la biblioteca personal de Julio Ortega Frier.ZNo se presta c30863d30863